Newquay Airport Destinations (Newquay, UK) - Map - Statistics

General Stats
  • This quiz has been taken 34 times
  • The average score is 14 of 16
Answers on the Map
Answers color-coded by a green-red scale on the quiz's map according to % correct below.
 
Answer Stats
Destination % Correct
Zürich
100%
Glasgow
97%
London (Gatwick)
97%
London (Stansted)
97%
Dublin
94%
Edinburgh
94%
Isle of Man
94%
Newcastle upon Tyne
94%
Belfast (City)
90%
Manchester
90%
Alicante
87%
Aberdeen
84%
Düsseldorf
84%
Faro
84%
Málaga
84%
Isles of Scilly
29%
No matching quizzes found
Score Distribution
Percent of People with Each Score
Percentile by Number Answered
Your Score History
You have not taken this quiz